Statistics for Wheel of Time characters with M initials

Click here to take the quiz!

General Stats

  • This quiz has been taken 39 times
  • The average score is 10 of 19

Answer Stats

HintAnswer% Correct
MCThe Prince of the RavensMat Cauthon
100%
MDA Cairhienin Aes Sedai of the Blue AjahMoiraine Damodred
94%
MTThe M'Hael of the Black Tower and one of the ForsakenMazrim Taim
88%
MFTruthspeaker to the Seanchan Empress during the Last BattleMin Farshaw
88%
MELanfear's name in the Age of LegendsMierin Eronaile
81%
MGAn Aes Sedai of the Brown and Black Ajahs who likes catsMarillin Gemalphin
75%
MBAn Altaran Aes Sedai of the Green Ajah with a reputation for saving WardersMyrelle Berengari
75%
MRFormer Mistress of Novices and a member of the Black AjahMerean Redhill
63%
MHAn Aes Sedai of the Green Ajah bonded to Jahar NarishmaMerise Haindehl
63%
MAAes Sedai of the White Ajah who "died in her bed" but was actually killed by the Black AjahMeilyn Arganya
50%
MSA ta'veren Aes Sedai who made the Compact of the Ten NationsMabriam en Shereed
38%
MMThe Queen of Andor before Morgase Trakand and Rand al'Thor's grandmotherMordrellen Mantear
38%
MNA Kandori Aes Sedai of the Green Ajah and Sitter for a brief timeMalind Nachenin
25%
MWAn Aes Sedai of the Green Ajah who fought alongside Leane and Raechin in the Last BattleManda Wan
25%
MJSierin Vayu's successor and Siuan Sanche's predecessorMarith Jaen
25%
MVAn Aes Sedai of the Green Ajah sent by the rebels to spy on the White TowerMikio Vadere
25%
MKBonded to Adrielle, this Asha'man was Turned to the ShadowMezar Kurin
19%
MLA Kinswoman who owned a doll and who was murdered by Careane FransiMirane Larinen
19%
MPThe inventor of the steamwagonMervin Poel
13%

Score Distribution

Percentile by Number Answered

Percent of People with Each Score

Your Score History

You have not taken this quiz